The pinetum britannicum (Record no. 114902)
[ view plain ]
| 000 -LEADER | |
|---|---|
| fixed length control field | 00866cam a22001935a 4500 |
| 001 - CONTROL NUMBER | |
| control field | L157655 |
| 008 - FIXED-LENGTH DATA ELEMENTS--GENERAL INFORMATION | |
| fixed length control field | 130220s1884 xxk f 000 0 eng d |
| 035 ## - SYSTEM CONTROL NUMBER | |
| System control number | (Sirsi) u157655 |
| 041 0# - LANGUAGE CODE | |
| Language code of text/sound track or separate title | eng |
| 100 1# - MAIN ENTRY--PERSONAL NAME | |
| Personal name | Ravenscroft, Edward |
| Dates associated with a name | 1816-1890 |
| 245 04 - TITLE STATEMENT | |
| Title | The pinetum britannicum |
| Remainder of title | a descriptive account of hardy coniferous trees cultivated in Great Britain |
| 260 ## - PUBLICATION, DISTRIBUTION, ETC. | |
| Place of publication, distribution, etc. | Edinburgh, London |
| Name of publisher, distributor, etc. | W. Blackwood |
| -- | Edward Ravenscroft |
| Date of publication, distribution, etc. | 1884 |
| 300 ## - PHYSICAL DESCRIPTION | |
| Extent | 3 v. |
| Other physical details | ill. (some col.), map |
| Dimensions | 58 cm, |
| 500 ## - GENERAL NOTE | |
| General note | Published in 52 parts, 1863-1884. 1884 is the t.p. date. Parts 1-33 issued from the private press of Lawson and sons. Parts 34-52 published by Ravenscroft in London and by W. Blackwood & sons in Edinburgh. Cf. Preface, v. 1, p. [i]. |
| 583 ## - ACTION NOTE | |
| Action | Condition reviewed |
| Time/date of action | 20120620 |
| Status | condition level |
| 651 #4 - SUBJECT ADDED ENTRY--GEOGRAPHIC NAME | |
| Geographic name | Great Britain |
| Chronological subdivision | 1707- |
| 690 ## - LOCAL SUBJECT ADDED ENTRY--TOPICAL TERM (OCLC, RLIN) | |
| Topical term or geographic name as entry element | Rural |
| 9 (RLIN) | 6268 |
| 942 ## - ADDED ENTRY ELEMENTS (KOHA) | |
| Suppress in OPAC | 0 |
| Withdrawn status | Lost status | Source of classification or shelving scheme | Damaged status | Not for loan | Home library | Current library | Shelving location | Date acquired | Total Checkouts | Full call number | Barcode | Date last seen | Copy number | Price effective from | Koha item type |
|---|---|---|---|---|---|---|---|---|---|---|---|---|---|---|---|
| Dewey Decimal Classification | Historic collection | Historic collection | Historic collection | 20/02/2013 | FOLIO 1884 RAVENSCROFT VOL. 1 | 30078155 | 06/08/2019 | 1 | 06/08/2019 | Book | |||||
| Dewey Decimal Classification | Historic collection | Historic collection | Historic collection | 20/02/2013 | FOLIO 1884 RAVENSCROFT VOL. 2 | 30078147 | 06/08/2019 | 1 | 06/08/2019 | Book | |||||
| Dewey Decimal Classification | Historic collection | Historic collection | Historic collection | 20/02/2013 | FOLIO 1884 RAVENSCROFT VOL. 3 | 30078151 | 06/08/2019 | 1 | 06/08/2019 | Book |